Statystyki dla Gospodarze Letnich Igrzysk Olimpijskich

Kliknij tutaj aby rozwiązać quiz!

Ogólne statystyki

  • Ten quiz został rozwiązany 96 razy
  • Średni wynik to 18 z 34

Statystyki odpowiedzi

nrrokmiasto% Poprawnych
XXX2012Londyn
91%
I1896Ateny
89%
XXXII2020Tokio
89%
XXIX2008Pekin
85%
XXVII2000Sydney
82%
XXXI2016Rio De Janeiro
80%
XXVIII2004Ateny
78%
XXV1992Barcelona
72%
XXII1980Moskwa
70%
XI1936Berlin
68%
XXVI1996Atlanta
67%
II1900Paryż
67%
XXXIII2024Paryż
63%
XXIII1984Los Angeles
60%
XX1972Monachium
59%
XXIV1988Seul
59%
XXI1976Montreal
51%
XXXIV2028Los Angeles
50%
IV1908Londyn
44%
XVII1960Rzym
44%
XVIII1964Tokio
44%
XIX1968Meksyk
40%
XV1952Helsinki
39%
V1912Sztokholm
38%
IX1928Amsterdam
37%
X1932Los Angeles
37%
XIV1948Londyn
35%
VIII1924Paryż
34%
VII1920Antwerpia
30%
XVI1956Melbourne
30%
VI1916Berlin
29%
III1904Saint Louis
29%
XII1940Helsinki
27%
XIII1944Londyn
26%

Rozkład punktacji

Percentyl według liczby udzielonych odpowiedzi

Procent ludzi z każdym wynikiem

Twoja historia wyników

Nie rozwiązałeś tego quizu